Music Quiz

Random Music or Artist Quiz

The Unwelcome Sound Quiz Stats

 Plays Quiz Updated Aug 21, 2018

Score 0/15 Timer 06:00
0 Plays Today
Question Answer Wrong Answers
Beatles Bruce Springsteen
98.3%
John Lennon
0.8%
Ringo Starr
0.5%
George Harrison
0.4%
Led Zeppelin Elvis Presley
96.2%
Robert Plant
1%
Jimmy Page
0.9%
John Bonham
1%
Pink Floyd Ozzy Osbourne
94.3%
David Gilmour
1%
Syd Barrett
2%
Nick Mason
1.3%
Maroon 5 Kanye West
94%
Adam Levine
1.6%
Jesse Carmichael
1.2%
Mickey Madden
1.2%
Coldplay Ed Sheeran
89.9%
Chris Martin
1.7%
Jonny Buckland
2.3%
Guy Berryman
2.4%
The Rolling Stones Michael Jackson
88.4%
Brian Jones
1.6%
Ian Stewart
7.7%
Mick Jagger
0.7%
Iron Maiden Steven Tyler
86.8%
Steve Harris
3.1%
Bruce Dickinson
4.4%
Dave Murray
2.9%
AC/DC Neil Young
86.4%
Malcolm Young
3.3%
Angus Young
1.5%
Bon Scott
6%
Queen John Paul Jones
83.6%
Freddie Mercury
1.2%
Brian May
5.5%
Roger Taylor
9.3%
One Direction Joe Jonas
81%
Liam Payne
3.2%
Harry Styles
4.8%
Louis Tomlinson
7.8%
Metallica Sebastian Bach
79%
James Hetfield
3.7%
Dave Mustaine
7.9%
Lars Ulrich
6.2%
Nirvana Eddie Vedder
78.3%
Kurt Cobain
2.5%
Dave Grohl
7.6%
Krist Novoselic
9.3%
Guns N Roses Nikki Sixx
71.4%
Axl Rose
2.1%
Duff McKagan
11.2%
Steven Adler
11.7%
Linkin Park Fred Durst
69.1%
Chester Bennington
11.1%
Mike Shinoda
9.2%
Brad Delson
7.1%
Green Day Mark Hoppus
39.3%
Billie Joe Armstrong
9.2%
Mike Dirnt
4.7%
Tré Cool
43%

You're not logged in!

Compare scores with friends on all Sporcle quizzes.
OR
Log In

Show Comments

Extras

Top Quizzes Today


Score Distribution

Your Account Isn't Verified!

In order to create a playlist on Sporcle, you need to verify the email address you used during registration. Go to your Sporcle Settings to finish the process.

Report this User

Report this user for behavior that violates our Community Guidelines.

Details: